Educar y convivir en la cultura global : las exigencias de la ciudadanía /
Zapisane w:
| 1. autor: | |
|---|---|
| Format: | Książka |
| Język: | hiszpański |
| Wydane: |
Madrid, España :
Morata,
2011, c2002
|
| Wydanie: | 2a edición |
| Seria: | (Pedagogía Morata. Manuales)
|
| Hasła przedmiotowe: | |
| Etykiety: |
Nie ma etykietki, Dołącz pierwszą etykiete!
|
MARC
| LEADER | 00000nam^a2200000^a^4500 | ||
|---|---|---|---|
| 001 | 000166703 | ||
| 005 | 20250521000000.0 | ||
| 009 | 20260310101103.055 | ||
| 020 | |a 84-7112-466-1 | ||
| 020 | |a 978-84-7112-466-1 | ||
| 037 | |a Acervo ITESO - Biblioteca | ||
| 041 | |a ESP | ||
| 082 | |a 370. 115 |b GIM | ||
| 100 | |a Gimeno Sacristán, José |e (autor) | ||
| 245 | 1 | 0 | |a Educar y convivir en la cultura global : |b las exigencias de la ciudadanía / |c J. Gimeno Sacristán. |
| 250 | |a 2a edición | ||
| 264 | 4 | |a Madrid, España : |b Morata, |c 2011, c2002 | |
| 300 | |a 285 p. | ||
| 336 | |a texto |b txt |2 rdacontenido | ||
| 337 | |a sin mediación |b n |2 rdamedio | ||
| 338 | |a volumen |b nc |2 rdasoporte | ||
| 440 | 1 | |a (Pedagogía Morata. |p Manuales) | |
| 521 | |a 2015 BO Licenciatura en Ciencias de la Educación | ||
| 649 | |a XX | ||
| 650 | |a Ciudadanía | ||
| 650 | |a Redes Sociales | ||
| 650 | |a Diversidad Cultural | ||
| 650 | |a Diferencia y Otredad | ||
| 650 | |a Tolerancia e Intolerancia | ||
| 650 | |a Significado | ||
| 650 | |a Percepción Social | ||
| 650 | |a Globalización | ||
| 650 | |a Democracia | ||
| 650 | |a Educación para la Paz | ||
| 650 | |a Educación Intercultural | ||
| 650 | |a Educación y Política | ||
| 650 | |a Educación y Sociedad | ||
| 910 | |a Fondo General | ||
| 920 | |a Impresos - Libros | ||
| 930 | |a Colección General | ||
| 905 | |a 101 | ||
| 901 | |a 0500101979 |b IT1 |c ACC |u 20250521 | ||
| 901 | |a 0500246376 |b IT1 |c ACC |i C146627 |u 20250521 | ||
| 901 | |a 0500246389 |b IT1 |c ACC |i C146626 |u 20250521 | ||
| 902 | |a https://opac.biblio.iteso.mx/vufind/Record/000166703 | ||